000 00722nam a22002175a 4500
005 20090713065637.0
008 090709s2009 wau 000 0 eng
010 _aENG-95829
020 _a8190356178
_c1800.00
035 _aEN-79362
037 _bDBAD/PUB
040 _aDPL
100 _aSingh, Ranjan Kumar
245 _aSurya :
_bthe god and his abode
_cby Ranjan Kumar Singh
260 _aPatna
_bParijat
_c2010
270 _aKamta Sadan, East boring canal road
_bPatna
_e800001
300 _a119p..
_b24cm(Hb)
942 _2ddc
_cEN
_mSIN
999 _c33625
_d33625